000 00872nam a22002651 4500
001 bimo0000814167
003 OSt
005 20130607145604.0
008 900725s1974 sp spa
017 _aM 15925-1974
_bOficina Depósito Legal Madrid
020 _a84-239-1556-5
035 _aIND9100266477
035 _a(OCoLC)431851332
040 _aSpMaBN
_cBMC
082 _a920 Rodolfo II
082 _a940.22
100 _aErlanger, Philippe
_d1903-1987
_9716
245 1 0 _aRodolfo II de Habsburgo
_b1552-1612 : el emperador insólito
_cPhilippe Erlanger ; [traducción de Gloria Alonso de Jáuregui]
260 0 _aMadrid
_bEspasa-Calpe
_c1974
300 _a214 p.
_c18 cm
490 0 _aAustral
_v1556
600 _aRodolfo
_bII
_cEmperador del Sacro Imperio Romano Germánico
_d1552-1612
_9717
700 _9708
_aAlonso de Jáuregui, Gloria
942 _2ddc
_cBK
999 _c613
_d613